Welcome to CU Library Online Public Access Catalogue (OPAC)

Dictionary of international banking and finance terms / (Record no. 7240)

MARC details
000 -LEADER
fixed length control field 01789pam a22004814a 4500
001 - CONTROL NUMBER
control field 14479109
003 - CONTROL NUMBER IDENTIFIER
control field OSt
005 - DATE AND TIME OF LATEST TRANSACTION
control field 20250807143653.0
008 - FIXED-LENGTH DATA ELEMENTS--GENERAL INFORMATION
fixed length control field 060803s2001 enk d 000 0 eng
010 ## - LIBRARY OF CONGRESS CONTROL NUMBER
LC control number 2006445244
015 ## - NATIONAL BIBLIOGRAPHY NUMBER
National bibliography number GBA1-70108
020 ## - INTERNATIONAL STANDARD BOOK NUMBER
International Standard Book Number 0852976321
020 ## - INTERNATIONAL STANDARD BOOK NUMBER
International Standard Book Number 9780852976326
035 ## - SYSTEM CONTROL NUMBER
System control number 14479109
035 ## - SYSTEM CONTROL NUMBER
System control number (OCoLC)48486372
040 ## - CATALOGING SOURCE
Original cataloging agency UKM
Transcribing agency UKM
Modifying agency BAKER
-- NLGGC
-- DLC
042 ## - AUTHENTICATION CODE
Authentication code lccopycat
050 00 - LIBRARY OF CONGRESS CALL NUMBER
Classification number HG151
Item number .C54 2001
082 04 - DEWEY DECIMAL CLASSIFICATION NUMBER
Classification number 332.04203
Edition information 21
084 ## - OTHER CLASSIFICATION NUMBER
Classification number 83.44
Number source bcl
245 00 - TITLE STATEMENT
Title Dictionary of international banking and finance terms /
Statement of responsibility, etc. series editor John O.E. Clark.
246 14 - VARYING FORM OF TITLE
Title proper/short title Dictionary of international banking & finance terms
250 ## - EDITION STATEMENT
Edition statement [Revised and updated ed.]
260 ## - PUBLICATION, DISTRIBUTION, ETC.
Place of publication, distribution, etc. Canterbury, Kent, United Kingdom :
Name of publisher, distributor, etc. Financial World Pub.,
Date of publication, distribution, etc. c2001.
300 ## - PHYSICAL DESCRIPTION
Extent 360 p. ;
Dimensions 21 cm.
336 ## - CONTENT TYPE
Content type term text
Content type code txt
Source rdacontent
337 ## - MEDIA TYPE
Media type term unmediated
Media type code n
Source rdamedia
338 ## - CARRIER TYPE
Carrier type term volume
Carrier type code nc
Source rdacarrier
500 ## - GENERAL NOTE
General note Rev. ed. of: International dictionary of banking and finance / John Clark. c1999.
650 #0 - SUBJECT ADDED ENTRY--TOPICAL TERM
Topical term or geographic name entry element Finance
Form subdivision Dictionaries.
650 #0 - SUBJECT ADDED ENTRY--TOPICAL TERM
Topical term or geographic name entry element Banks and banking, International
Form subdivision Dictionaries.
650 #0 - SUBJECT ADDED ENTRY--TOPICAL TERM
Topical term or geographic name entry element International finance
Form subdivision Dictionaries.
650 17 - SUBJECT ADDED ENTRY--TOPICAL TERM
Topical term or geographic name entry element Bankwezen.
Source of heading or term gtt
650 17 - SUBJECT ADDED ENTRY--TOPICAL TERM
Topical term or geographic name entry element Financiƫn.
Source of heading or term gtt
655 #7 - INDEX TERM--GENRE/FORM
Genre/form data or focus term Dictionaries.
Source of term lcgft
Authority record control number or standard number https://id.loc.gov/authorities/genreForms/gf2014026086
700 1# - ADDED ENTRY--PERSONAL NAME
Personal name Clark, John Owen Edward.
700 1# - ADDED ENTRY--PERSONAL NAME
Personal name Clark, John Owen Edward.
Title of a work International dictionary of banking and finance.
710 2# - ADDED ENTRY--CORPORATE NAME
Corporate name or jurisdiction name as entry element Financial World Publishing.
906 ## - LOCAL DATA ELEMENT F, LDF (RLIN)
a 7
b cbc
c copycat
d 2
e ncip
f 20
g y-gencatlg
942 ## - ADDED ENTRY ELEMENTS (KOHA)
Source of classification or shelving scheme Library of Congress Classification
Koha item type Reference
Suppress in OPAC No
Holdings
Withdrawn status Lost status Source of classification or shelving scheme Damaged status Not for loan Collection Home library Current library Shelving location Date acquired Total checkouts Full call number Barcode Date last seen Copy number Price effective from Koha item type
    Library of Congress Classification     Reference Undergraduate Library (Christ Temple) Undergraduate Library (Christ Temple) General stacks 08/07/2025   HG 151.C54 DIC ulct00004277 08/07/2025 1 08/07/2025 Reference
© 2023-2024 Copyright: Central University Libraries. All Rights Reserved | Created by: Mahone Tech Office